000 01103cam a2200325 a 4500
999 _c478734
_d478734
001 15872441
003 NUST
005 20180712060447.0
008 090818s2010 pau 000 0 eng
010 _a 2009935111
020 _a9780762438549 (U.S. : pbk.)
_cRs. 1156
020 _a9781849010481 (U.K. : pbk.)
038 _aArshad
040 _aDLC
_cDLC
_dDLC
042 _apcc
050 0 0 _aPR2894
_b.A258 2010
082 0 0 _a822.33
_bACK
100 1 _aAckroyd, Peter,
_d1949-
_911581
245 1 2 _aShakespeare:
_bthe biography /
_c by Peter Ackroyd.
246 1 4 _aBrief guide to William Shakespeare without the boring bits
246 3 0 _aWilliam Shakespeare without the boring bits
260 _aPhiladelphia :
_bRunning Press,
_c2010.
300 _avi, 572 p. ;
_c20 cm.
500 _aOriginally published: London : Robinson, 2010.
500 _aIncludes index.
600 1 0 _aShakespeare, William,
_d1564-1616
_vHandbooks, manuals, etc.
_911608
906 _a7
_bcbc
_corignew
_d2
_eepcn
_f20
_gy-gencatlg
942 _2ddc
_cBK